| 000 | 00559nam a22001817a 4500 | ||
|---|---|---|---|
| 999 |
_c15190 _d15190 |
||
| 003 | AR-CdUCM | ||
| 008 | 190426b ||||| |||| 00| 0 spa d | ||
| 040 |
_aMUNICIPALIDAD PROVINCIAL DEL CUSCO _cBIBLIOTECA MUNICIPAL DEL CUSCO |
||
| 082 |
_aSI / 803.08 / _bH45 |
||
| 100 |
_aHector, Maria _934220 |
||
| 245 | _aCuentos de hadas EspaƱoles / | ||
| 260 |
_aBarcelona : _bMolino, _c1956. |
||
| 300 |
_a94 paginas ; _bIlustraciones, _c29 cm. |
||
| 650 |
_aLiteratura infantil _9588 |
||
| 650 |
_aCuento _94671 |
||
| 942 |
_2ddc _cLIBROS |
||
| 945 |
_arjall _d2019-04-26 |
||